000 00392nam a2200169Ia 4500
003 OSt
005 20240226151245.0
008 170619s9999 xx 000 0 und d
020 _a9788126508891
040 _cIIMT ENGINEERING COLLEGE
100 _aKimball- R
245 4 _aThe Data Warehouse Toolkit
260 _bWiley- India
260 _c2012
546 _aENGLISH
942 _2ddc
_c01
999 _c21082
_d21082